Quando fui sui monti Scarpazi, 1914-1918 : ricordi e testimonianze della grande guerra in Trentino /
Saved in:
| Main Author: | |
|---|---|
| Format: | Book |
| Language: | Italian |
| Published: |
[Cremona] :
Persico,
c1997.
|
| Series: | Collana storica (Persico edizioni)
|
| Subjects: | |
| Tags: |
Add Tag
No Tags, Be the first to tag this record!
|
| LEADER | 01030nam a2200301 a 4500 | ||
|---|---|---|---|
| 001 | 007730954-5 | ||
| 005 | 20020606104010.5 | ||
| 008 | 980416s1997 it ab b 000 0dita | ||
| 010 | |a 98139624 | ||
| 020 | |a 8887207003 | ||
| 035 | 0 | |a ocm38257090 | |
| 040 | |a DLC |c DLC | ||
| 043 | |a e-it--- | ||
| 045 | |a x0x4 | ||
| 050 | 0 | 0 | |a D569.T73 |b M385 1997 |
| 082 | 0 | 0 | |a 940.4/145 |2 21 |
| 100 | 1 | |a Mautone, Antonio. | |
| 245 | 1 | 0 | |a Quando fui sui monti Scarpazi, 1914-1918 : |b ricordi e testimonianze della grande guerra in Trentino / |c Antonio Mautone. |
| 260 | |a [Cremona] : |b Persico, |c c1997. | ||
| 300 | |a 287 p. : |b ill. (some col.), col. map ; |c 24 cm. | ||
| 490 | 1 | |a Collana storica | |
| 504 | |a Includes bibliographical references (p. 287). | ||
| 650 | 0 | |a World War, 1914-1918 |x Campaigns |z Italy |z Trentino-Alto Adige. | |
| 650 | 0 | |a World War, 1914-1918 |x Personal narratives, Italian. | |
| 651 | 0 | |a Trentino-Alto Adige (Italy) |x History, Military. | |
| 830 | 0 | |a Collana storica (Persico edizioni) | |
| 988 | |a 20020608 | ||
| 906 | |0 DLC | ||


